000
nam a22 7a 4500
999
_c
54925
_d
54925
003
OSt
005
20220806153419.0
008
220806b xxu||||| |||| 00| 0 eng d
040
_c
IIMT UNIVERSITY
100
_a
KAPUR, J.N
245
_a
AN INTRODUCTION TO MATRICES
260
_a
NEW DELHI
_b
R. CHAND
_c
1977
300
_a
191
942
_2
ddc
_c
09